Представление документа в формате RUSMARC

ПолеНазваниеЗначение
  Тип записи a
  Библиографический уровень m
001 Контрольный номер RU\bookru\bibl\920478
003 Постоянный идентификатор записи http://www.book.ru/book/920478
005 Дата корректировки 20161026112537.7
010 Индекс ISBN __
a ISBN 978-5-406-04972-3
100 Данные общей обработки 0_
a Данные общей обработки 20160828d2016 mk y0rusy50 ca
101 Язык документа 0_
a Язык текста Русский
102 Страна публикации __
a Страна публикации RU
105 Кодированные данные (монография) __
a Кодированные данные (монография) y ||||000yy
200 Заглавие и сведения об ответственности 1_
a Заглавие Теория игр в экономике, финансах и бизнесе (для бакалавров)
210 Выходные данные __
a Место издания Москва
c Издательство КноРус
d Дата издания 2016
215 Физическое описание __
a Объем 525
330 Аннотация __
a Аннотация Учебник содержит основы теории антагонистических игр и игр с природой. Изложены базовые понятия для чистых и смешанных стратегий, теоремы с доказательствами, точные и приближенные методы решения игр, связь с линейным программированием, принятие решений в условиях риска и неопределенности, более углубленно дана теория критериев оптимальности, приведены вопросы для самоконтроля знаний и условия задач с ответами для самостоятельного решения. Такая базовая совокупность знаний дает возможность бакалавру экономики применять теорию игр в решении различных задач финансово-экономического содержания в будущей трудовой деятельности, а также осваивать и другие классы игр. Приведенные вопросы проблемного характера и библиография позволят использовать учебник в самостоятельной научной работе студентов. Соответствует ФГОС ВО 3+. Для студентов, обучающихся по программам подготовки бакалавров по экономическим и математическим направлениям. Может быть полезен магистрантам и аспирантам в рамках изучения дисциплин «Теория игр», «Теория принятий решений», «Экономико-математическое моделирование» и др., а также преподавателям этих курсов при подготовке к лекциям и практическим занятиям.
606 Тематические рубрики __
a Основная рубрика Экономические науки в целом. Экономическая теория
2 Код системы local
608 Указатель предметных рубрик __
a Жанр/форма Учебник
2 Код системы local
675 Индекс УДК __
a Индекс УДК 330(075.8)
z Язык издания rus
686 Индексы других классификаций __
a Классификационный индекс 65.01я73
2 Код системы rubbk
700 Автор _1
a Фамилия Лабскер Л.Г., Ященко Н.А.
801 Источник записи _1
a Страна RU
b Организация book_ru
c Дата составления 20160828
g Правила каталогизации RCR
856 Электронный адрес документа 4_
u Универсальный указатель ресурса (URL) http://www.book.ru/book/920478
951 __
a http://www.book.ru/book/920478